000 00543nam a2200121Ia 4500
008 220615s9999||||xx |||||||||||||| ||und||
100 _aHayhurst, Lyndsay M.C.||Thorpe, Holly||Chawansky, Megan
245 0 _aSport, Gender and Development
_bIntersections, Innovations and Future Trajectories
546 _aEnglish[eng]
650 _aSports & Recreation||Cultural & Social Aspects||Social Science||Sociology||Social Science||Gender Studies
856 _uhttps://library.oapen.org/bitstream/20.500.12657/52005/1/external_content.epub
942 _cEB
999 _c14893
_d14893